Pokémon - Alphabetical by Type - Statistics

General Stats
  • This quiz has been taken 8 times
  • The average score is 70 of 180
Answer Stats
Type Other Type Pokémon % Correct
Dragon Flying Altaria
100%
Grass Ice Abomasnow
67%
Psychic - Abra
67%
Dark - Absol
67%
Bug - Accelgor
67%
Ghost Steel Aegislash
67%
Flying Rock Aerodactyl
67%
Rock Steel Aggron
67%
Normal - Aipom
67%
Ice Rock Amaura
67%
Normal - Ambipom
67%
Poison Grass Amoonguss
67%
Dragon Grass Appletun
67%
Grass Dragon Applin
67%
Water Bug Araquanid
67%
Poison - Arbok
67%
Grass Normal Arboliva
67%
Steel Dragon Archaludon
67%
Flying Rock Archen
67%
Rock Flying Archeops
67%
Ice Dragon Arctibax
67%
Electric Ice Arctozolt
67%
Bug Poison Ariados
67%
Fire Psychic Armarouge
67%
Fairy - Aromatisse
67%
Steel Rock Aron
67%
Flying Ice Articuno
67%
Ice Rock Aurorus
67%
Fairy Water Azumarill
67%
Dragon - Bagon
67%
Ground Psychic Baltoy
67%
Rock Water Barbaracle
67%
Ground Water Barboach
67%
Ghost Water Basculegion
67%
Steel Rock Bastiodon
67%
Flying Bug Beautifly
67%
Poison Bug Beedrill
67%
Fighting Normal Bewear
67%
Dark Steel Bisharp
67%
Fire Ghost Blacephalon
67%
Fighting Fire Blaziken
67%
Fire - Braixen
67%
Ghost Grass Brambleghast
67%
Fighting Grass Breloom
67%
Dark Grass Brute Bonnet
67%
Ground Fire Camerupt
67%
Ground Psychic Claydol
67%
Ground Normal Diggersby
67%
Psychic - Alakazam
33%
Fairy - Alcremie
33%
Water - Alomomola
33%
Electric - Ampharos
33%
Fighting Ghost Annihilape
33%
Bug Rock Anorith
33%
Fire - Arcanine
33%
Normal - Arceus
33%
Bug Rock Armaldo
33%
Water - Arrokuda
33%
Normal - Audino
33%
Ice - Avalugg
33%
Dragon - Axew
33%
Psychic - Azelf
33%
Fairy Normal Azurill
33%
Ghost - Banette
33%
Water - Barraskewda
33%
Water - Basculin
33%
Dragon Ice Baxcallibur
33%
Grass - Bayleef
33%
Ice - Beartic
33%
Psychic - Beheeyem
33%
Steel Psychic Beldum
33%
Electric - Bellibolt
33%
Grass - Bellossom
33%
Poison Grass Bellsprout
33%
Ice - Bergmite
33%
Normal Water Bibarel
33%
Normal - Bidoof
33%
Rock Water Binacle
33%
Water - Blastoise
33%
Bug - Blipbug
33%
Normal - Blissey
33%
Electric - Blitzle
33%
Rock - Boldore
33%
Electric - Boltund
33%
Dark Flying Bombirdier
33%
Rock - Bonsly
33%
Normal - Bouffalant
33%
Grass - Bounsweet
33%
Ghost Grass Bramblin
33%
Flying Normal Braviary
33%
Water - Brionne
33%
Psychic Steel Bronzong
33%
Steel Psychic Bronzor
33%
Psychic Water Bruxish
33%
Poison Grass Budew
33%
Water - Buizel
33%
Poison Grass Bulbasaur
33%
Normal - Buneary
33%
Bug - Burmy
33%
Flying Bug Butterfree
33%
Fighting Bug Buzzwole
33%
Grass - Cacnea
33%
Dark Grass Cacturne
33%
Psychic Grass Calyrex
33%
Grass - Capsakid
33%
Fairy Rock Carbink
33%
Fire Rock Carkol
33%
Grass - Carnivine
33%
Rock Water Carracosta
33%
Dark Water Carvanha
33%
Bug - Cascoon
33%
Bug - Caterpie
33%
Psychic Grass Celebi
33%
Steel Flying Celesteela
33%
Fire Bug Centiskorch
33%
Ghost Fire Ceruledge
33%
Ice - Cetitan
33%
Ice - Cetoddle
33%
Fire Ghost Chandelure
33%
Fire - Charcadet
33%
Flying Fire Charizard
33%
Electric Bug Charjabug
33%
Fire - Charmander
33%
Flying Normal Chatot
33%
Fighting Grass Chesnaught
33%
Dark Ice Chien-Pao
33%
Psychic - Chimecho
33%
Electric Water Chinchou
33%
Dark Fire Chi-Yu
33%
Fairy - Clefable
33%
Fairy - Clefairy
33%
Fairy - Cleffa
33%
Fighting - Clobbopus
33%
Ground Poison Clodsire
33%
Ice Water Cloyster
33%
Rock Fire Coalossal
33%
Steel Fighting Cobalion
33%
Ghost - Cofagrigus
33%
Bug Flying Combee
33%
Fighting Fire Combusken
33%
Fairy - Comfey
33%
Fighting - Conkeldurr
33%
Steel - Copperajah
33%
Rock Water Corsola
33%
Flying Steel Corviknight
33%
Dark Water Crawdaunt
33%
Poison Fighting Croagunk
33%
Poison Flying Crobat
33%
Ground - Cubone
33%
Steel - Cufant
33%
Ghost - Cursola
33%
Dragon Normal Cyclizar
33%
Ghost Grass Decidueye
33%
Electric Fairy Dedenne
33%
Dragon Dark Deino
33%
Dragon Steel Dialga
33%
Ground - Diglett
33%
Dragon Grass Dipplin
33%
Ground - Donphan
33%
Electric Dragon Dracozolt
33%
Poison Dragon Dragalge
33%
Normal - Bunnelby
0%
Fire - Charmeleon
0%
Grass - Cherrim
0%
Water - Chewtle
0%
Psychic - Chingling
0%
Water - Clamperl
0%
Flying - Corvisquire
0%
Fairy Grass Cottonee
0%
Fighting Ice Crabominable
0%
Rock Grass Cradily
0%
Bug Rock Crustle
0%
Ice - Cryogonal
0%
Dark - Darkrai
0%
Ghost Grass Dhelmise
0%
Steel Ghost Doublade
0%
Dragon Water Dracovish
0%
Poison Dark Drapion
0%
Ground - Drilbur
0%
Electric - Eelektrik
0%
No matching quizzes found
Score Distribution
Percent of People with Each Score
Percentile by Number Answered
Your Score History
You have not taken this quiz